The text of the Old Testament; an introduction to the Hebrew Bible. (Record no. 7257)

MARC details
000 -LEADER
campo de control de longitud fija 00670ntaaa2200205 4500
003 - IDENTIFICADOR DE NÚMERO DE CONTROL
campo de control 01
005 - FECHA Y HORA DE LA ÚLTIMA TRANSACCIÓN
campo de control 20251027201303.0
008 - DATOS DE LONGITUD FIJA--INFORMACIÓN GENERAL
campo de control de longitud fija 0714s1973 ag 01
040 ## - FUENTE DE CATALOGACIÓN
Centro catalogador/agencia de origen AR-BaBN
Lengua de catalogación spa
Centro/agencia transcriptor AR-BaBN
Normas de descripción aacr
Centro/agencia modificador RIC
082 ## - NÚMERO DE LA CLASIFICACIÓN DECIMAL DEWEY
Número de clasificación 221.4000 W96t
100 ## - ENTRADA PRINCIPAL--NOMBRE DE PERSONA
Nombre de persona Würthwein, Ernest
9 (RLIN) 11028
245 ## - MENCIÓN DEL TÍTULO
Título The text of the Old Testament; an introduction to the Hebrew Bible.
250 ## - MENCION DE EDICION
Mención de edición 1 ed.
260 ## - PUBLICACIÓN, DISTRIBUCIÓN, ETC.
Lugar de publicación, distribución, etc. Grand Rapids :
Nombre del editor, distribuidor, etc. Eerdmans,
Fecha de publicación, distribución, etc. 1979
300 ## - DESCRIPCIÓN FÍSICA
Extensión 244 p.
500 ## - NOTA GENERAL
Nota general Historia de los textos en lenguas originales y de algunas versiones. Crítica textual.
650 ## - PUNTO DE ACCESO ADICIONAL DE MATERIA--TÉRMINO DE MATERIA
Término de materia o nombre geográfico como elemento de entrada Biblia-Antiguo Testamento-Textos-Documentos
9 (RLIN) 11029
650 ## - PUNTO DE ACCESO ADICIONAL DE MATERIA--TÉRMINO DE MATERIA
Término de materia o nombre geográfico como elemento de entrada Biblia-Criticismo del Texto
9 (RLIN) 9721
942 ## - ELEMENTOS DE ENTRADA SECUNDARIOS (KOHA)
Tipo de ítem Koha Colección General
Holdings
Estatus retirado Estado de pérdida Estado de daño No para préstamo Biblioteca de origen Biblioteca actual Fecha de adquisición Número de inventario Total de préstamos Signatura topográfica completa Código de barras Visto por última vez Precio de reemplazo Tipo de ítem Koha
        Biblioteca Pluis Biblioteca Pluis 27/10/2025 35575   221.4000 W96t 35575 27/10/2025 27/10/2025 Colección General